[Event "53o Festival Citta' di Torino - Open A"]
[Site "Torino ITA"]
[Date "2024.01.04"]
[Round "4.7"]
[White "BETTALLI, Francesco"]
[Black "TRIPODI, Enzo"]
[Result "1-0"]
[WhiteElo "2271"]
[BlackElo "2139"]
[PlyCount "121"]
[EventDate "2024.01.02"]

1. d4 d5 2. c4 c6 3. Nf3 Nf6 4. Nc3 a6 5. c5 Nbd7 6. Bf4 Nh5 7. Bd2 Nhf6 8. b4
g6 9. Bf4 Nh5 10. Bg5 h6 11. Bh4 g5 12. Bg3 Nxg3 13. hxg3 Bg7 14. e4 dxe4 15.
Nxe4 Nf6 16. Nxf6+ Bxf6 17. Bc4 Bg4 18. Qb3 e6 19. Rd1 Qc7 20. Qe3 O-O-O 21.
Rd2 Bxf3 22. gxf3 h5 23. Kf1 Kb8 24. Kg2 h4 25. a4 hxg3 26. Rxh8 Rxh8 27. fxg3
Qd7 28. Bf1 Rd8 29. b5 Bxd4 30. Qxg5 e5 31. bxc6 bxc6 32. Bxa6 Ka7 33. Bc4 Rh8
34. g4 f6 35. Qxf6 Qh7 36. Qf7+ Qxf7 37. Bxf7 Bxc5 38. g5 Bd4 39. g6 Rh5 40. f4
Rh4 41. Be6 Rh6 42. f5 Rh5 43. Kf3 Rg5 44. Rh2 Kb6 45. Rh7 Ka5 46. Rc7 c5 47.
Ra7+ Kb4 48. Rb7+ Kxa4 49. Bb3+ Ka3 50. Bc2 Rg1 51. Ke4 Rg2 52. Bd3 Rg3 53. Bc2
Rg2 54. Bb1 c4 55. Kd5 Bb2 56. Be4 Rd2+ 57. Ke6 c3 58. g7 c2 59. Bxc2 Rxc2 60.
g8=Q Ka2 61. Rxb2+ 1-0

[Event "53o Festival Citta' di Torino - Open A"]
[Site "Torino ITA"]
[Date "2024.01.04"]
[Round "4.8"]
[White "MALDONADO GONZALES, Stefano"]
[Black "BIFULCO, Michel"]
[Result "1/2-1/2"]
[WhiteElo "2166"]
[BlackElo "2251"]
[PlyCount "120"]
[EventDate "2024.01.02"]

1. e4 c5 2. Nf3 Nc6 3. d4 cxd4 4. Nxd4 Nf6 5. Nc3 d6 6. Bg5 e6 7. Qd3 Bd7 8.
O-O-O a6 9. f4 Be7 10. Nf3 Qa5 11. Kb1 O-O 12. Qd2 Rfd8 13. Bd3 Rac8 14. Rhe1
h6 15. Bh4 b5 16. Bxf6 Bxf6 17. e5 dxe5 18. fxe5 Be7 19. Ne4 Qxd2 20. Nexd2 Nb4
21. Be4 Bc6 22. a3 Nd5 23. Rc1 Nb6 24. Bxc6 Rxc6 25. Red1 Rc5 26. Ne4 Rcd5 27.
Nc3 Rxd1 28. Rxd1 Rxd1+ 29. Nxd1 Nc4 30. c3 g5 31. g4 Bc5 32. Kc2 Kf8 33. Kd3
Ke7 34. a4 Kd7 35. axb5 axb5 36. b3 Nb6 37. h4 gxh4 38. Nxh4 Kc6 39. Ke4 Nd7
40. Nf3 Bf8 41. b4 Bg7 42. Ne3 Kb6 43. c4 bxc4 44. Nxc4+ Kb5 45. Nd6+ Kxb4 46.
Nxf7 Nc5+ 47. Kf4 Kc4 48. g5 hxg5+ 49. N7xg5 Kd5 50. Nf7 Nd3+ 51. Ke3 Nxe5 52.
N7xe5 Bxe5 53. Ng5 Bd4+ 54. Kf4 e5+ 55. Kf5 Bb2 56. Ne4 Ba1 57. Nf6+ Kd4 58.
Ne4 Bb2 59. Ng5 e4 60. Nxe4 Kd5 1/2-1/2

[Event "53o Festival Citta' di Torino - Open A"]
[Site "Torino ITA"]
[Date "2024.01.04"]
[Round "4.9"]
[White "Petritaj, Ferdinando"]
[Black "AGRESTA, Giulio"]
[Result "1-0"]
[WhiteElo "2176"]
[BlackElo "2029"]
[PlyCount "83"]
[EventDate "2024.01.02"]

1. d4 Nf6 2. c4 e6 3. Nc3 Bb4 4. e3 O-O 5. Bd3 d5 6. a3 Bxc3+ 7. bxc3 dxc4 8.
Bxc4 c5 9. Ne2 Nc6 10. O-O cxd4 11. cxd4 b6 12. Bb2 Bb7 13. Ng3 Rc8 14. Bd3 Na5
15. Qe2 Nd5 16. Rad1 Qe7 17. f4 g6 18. e4 Nc3 19. Bxc3 Rxc3 20. Qd2 Rfc8 21. f5
Nb3 22. Qf2 Nc1 23. Bb5 a6 24. Qf4 e5 25. dxe5 axb5 26. f6 Qc5+ 27. Kh1 Nd3 28.
Rxd3 Rxd3 29. e6 Qe3 30. Qe5 Qc5 31. Qf4 Rxg3 32. exf7+ Kxf7 33. Qh6 Bxe4 34.
Qg7+ Ke6 35. hxg3 Qf8 36. Qa7 Qd6 37. Re1 Rc4 38. Qg7 Qd7 39. Qh8 Kf5 40. Rf1+
Kg4 41. Kh2 Bxg2 42. Rf2 1-0

[Event "53o Festival Citta' di Torino - Open A"]
[Site "Torino ITA"]
[Date "2024.01.04"]
[Round "4.10"]
[White "MONTORSI, Matteo"]
[Black "Lacan Rus, David"]
[Result "1/2-1/2"]
[WhiteElo "2162"]
[BlackElo "2121"]
[PlyCount "100"]
[EventDate "2024.01.02"]

1. e4 c5 2. Nf3 Nc6 3. d3 d6 4. g3 g6 5. Bg2 Bg7 6. O-O Rb8 7. a4 a6 8. c3 Nf6
9. Re1 O-O 10. d4 cxd4 11. cxd4 Bg4 12. d5 Ne5 13. Qb3 Bxf3 14. Bxf3 Nfd7 15.
Be2 Nc5 16. Qc2 Rc8 17. Nc3 b5 18. axb5 axb5 19. f4 b4 20. fxe5 bxc3 21. b4 Nd7
22. exd6 exd6 23. Be3 h5 24. Ra6 Ne5 25. b5 h4 26. b6 Qd7 27. Kg2 Ra8 28. Rea1
Rxa6 29. Rxa6 h3+ 30. Kh1 Qe7 31. Ra7 Qf6 32. Qxc3 Bh6 33. Bd4 Qd8 34. Qc7 Qg5
35. Qc3 Kh7 36. b7 Nd7 37. Ra8 Nb8 38. Qf3 Qe7 39. Bd3 Bg7 40. Bxg7 Kxg7 41.
Bf1 Qxb7 42. Ra1 Qb2 43. Re1 Nd7 44. Bxh3 Ne5 45. Qe2 Qb4 46. Rf1 Rh8 47. Bg2
Qc3 48. Kg1 Qa3 49. Qd2 Qc5+ 50. Qf2 Qxf2+ 1/2-1/2

[Event "53o Festival Citta' di Torino - Open A"]
[Site "Torino ITA"]
[Date "2024.01.04"]
[Round "4.11"]
[White "CAPPELLETTO, Joshuaede"]
[Black "ROTONDARO, Alberto"]
[Result "1/2-1/2"]
[WhiteElo "2320"]
[BlackElo "2056"]
[PlyCount "94"]
[EventDate "2024.01.02"]

1. c4 e6 2. b3 Nf6 3. Bb2 b6 4. Nf3 Bb7 5. g3 Be7 6. Bg2 O-O 7. O-O c5 8. Nc3
d5 9. cxd5 Nxd5 10. Rc1 Bf6 11. d4 Nxc3 12. Bxc3 Na6 13. dxc5 Bxc3 14. c6 Bxc6
15. Rxc3 Bd5 16. Qd4 Rc8 17. Rfc1 Rxc3 18. Rxc3 Nc5 19. b4 Ne4 20. Rd3 Nf6 21.
Ne5 Qa8 22. Bxd5 Nxd5 23. b5 Qb7 24. Nc6 a6 25. e4 Nf6 26. Qd6 h6 27. e5 Nd5
28. bxa6 Qxa6 29. Ra3 Qc8 30. Ra7 Re8 31. h4 h5 32. Kh2 g6 33. Kg2 Kg7 34. Rd7
Qa8 35. Ra7 Qc8 36. a4 Kg8 37. Kh2 Kg7 38. Rd7 Kg8 39. Ra7 Kg7 40. Kh1 Kg8 41.
Kg1 Kg7 42. Rd7 Kg8 43. Kh2 Qa6 44. Rd8 Rxd8 45. Qxd8+ Kg7 46. Ne7 Nxe7 47.
Qxe7 Qxa4 1/2-1/2

[Event "53o Festival Citta' di Torino - Open A"]
[Site "Torino ITA"]
[Date "2024.01.04"]
[Round "4.12"]
[White "FAVITTA, Amedeo"]
[Black "MADIAI, Federico"]
[Result "0-1"]
[WhiteElo "2075"]
[BlackElo "2172"]
[PlyCount "156"]
[EventDate "2024.01.02"]

1. e4 Nc6 2. Nf3 e5 3. Nc3 Nf6 4. Bb5 Bd6 5. d3 O-O 6. Ba4 Re8 7. O-O Bf8 8.
Bg5 h6 9. Bh4 d6 10. Nd5 g5 11. Bg3 Be6 12. Ne3 Nd7 13. c3 Nb6 14. Bc2 Bg7 15.
d4 Bd7 16. h3 Qf6 17. dxe5 dxe5 18. Nd5 Qd8 19. h4 f6 20. Ne3 Be6 21. Bb3 Qxd1
22. Bxe6+ Rxe6 23. Rfxd1 Ree8 24. Rd2 Red8 25. Rad1 Kf7 26. b3 Bf8 27. h5 a5
28. Rxd8 Nxd8 29. Nf5 Nc6 30. a4 Ne7 31. Ne3 Ke6 32. Nh2 Nd7 33. f3 Nc5 34. Rb1
Rd8 35. Be1 f5 36. exf5+ Nxf5 37. Nxf5 Kxf5 38. Kf1 e4 39. Bf2 Rd3 40. Bd4 Ne6
41. fxe4+ Kf4 42. Nf3 g4 43. Ne5 Rd2 44. Ng6+ Kxe4 45. Re1+ Kd5 46. Re5+ Kd6
47. Rxe6+ Kxe6 48. Nxf8+ Kf5 49. Ng6 Rb2 50. g3 Ke4 51. Ke1 Rh2 52. Be5 c6 53.
Bf4 Rxh5 54. Kd2 Rh2+ 55. Kd1 h5 56. Bc7 Kd3 57. Ne5+ Kxc3 58. Nc4 Kxb3 59.
Nxa5+ Kxa4 60. Nxb7 Kb4 61. Be5 Rg2 62. Nd6 c5 63. Nf5 c4 64. Nd4 Kc5 65. Ne2
Rh2 66. Bd4+ Kd5 67. Bg1 Rh1 68. Ke1 h4 69. gxh4 Rxh4 70. Nc3+ Ke5 71. Ne2 Ke4
72. Kd2 Rh3 73. Bb6 Rd3+ 74. Ke1 Ra3 75. Bd4 Kd3 76. Be5 Ra8 77. Nc1+ Kc2 78.
Bf4 Ra1 0-1

[Event "53o Festival Citta' di Torino - Open A"]
[Site "Torino ITA"]
[Date "2024.01.04"]
[Round "4.13"]
[White "LIZZUL COPPE, Mirko"]
[Black "CENTAMORE, Alberto"]
[Result "1/2-1/2"]
[WhiteElo "2050"]
[BlackElo "2127"]
[PlyCount "34"]
[EventDate "2024.01.02"]

1. e4 c5 2. Nf3 Nc6 3. d4 cxd4 4. Nxd4 g6 5. Nc3 Bg7 6. Be3 Nf6 7. Bc4 O-O 8.
Bb3 d5 9. Nxc6 bxc6 10. exd5 cxd5 11. Nxd5 Nxd5 12. Qxd5 Bxb2 13. Rd1 Ba6 14.
Qxd8 Rfxd8 15. Rxd8+ Rxd8 16. f3 Rd7 17. Kf2 Bb5 1/2-1/2

[Event "53o Festival Citta' di Torino - Open A"]
[Site "Torino ITA"]
[Date "2024.01.04"]
[Round "4.14"]
[White "VAIRO, Rocco Enrico"]
[Black "GOLA, Giorgio"]
[Result "1-0"]
[WhiteElo "2060"]
[BlackElo "2090"]
[PlyCount "57"]
[EventDate "2024.01.02"]

1. e4 c5 2. Nf3 d6 3. Bb5+ Nd7 4. O-O a6 5. Bd3 Ngf6 6. c3 b5 7. Bc2 c4 8. a4
Bb7 9. axb5 axb5 10. Rxa8 Qxa8 11. Na3 Bxe4 12. Bxe4 Nxe4 13. d3 cxd3 14. Nxb5
Qc6 15. Qxd3 e6 16. Nfd4 Qb7 17. Re1 Ndc5 18. Qe2 Be7 19. b4 Nxc3 20. Nxc3 Qxb4
21. Ncb5 O-O 22. Nc6 Qh4 23. Rd1 Bf6 24. Nxd6 Qa4 25. Nb5 Ne4 26. Be3 Rc8 27.
Rc1 Qa6 28. Qc4 Nc3 29. Rxc3 1-0

[Event "53o Festival Citta' di Torino - Open A"]
[Site "Torino ITA"]
[Date "2024.01.04"]
[Round "4.15"]
[White "GALLO, Ivan"]
[Black "LO GATTO, Riccardo"]
[Result "1-0"]
[WhiteElo "2004"]
[BlackElo "2028"]
[PlyCount "131"]
[EventDate "2024.01.02"]

1. e4 e5 2. Nf3 Nc6 3. Bb5 a6 4. Ba4 Nf6 5. O-O Be7 6. Re1 b5 7. Bb3 O-O 8. c3
d5 9. exd5 Nxd5 10. Nxe5 Nxe5 11. Rxe5 c6 12. d4 Bd6 13. Re1 Qh4 14. g3 Qh3 15.
Re4 g5 16. Qf1 Qxf1+ 17. Kxf1 Bh3+ 18. Kg1 f5 19. Re1 Rae8 20. Bd2 Rxe1+ 21.
Bxe1 Re8 22. Bd2 f4 23. c4 bxc4 24. Bxc4 Re4 25. Bc3 Kg7 26. Nd2 Re7 27. Bxa6
h5 28. a4 Bb4 29. Bxb4 Nxb4 30. Bf1 Nc2 31. Rc1 Nxd4 32. a5 f3 33. Ra1 Bc8 34.
Bc4 Bb7 35. a6 Ba8 36. h3 g4 37. hxg4 hxg4 38. Ra4 Kf6 39. Kf1 Nc2 40. Kg1 Nd4
41. Ra1 c5 42. Bd3 Re8 43. Kf1 Rh8 44. Ke1 Rh1+ 45. Nf1 c4 46. Bb1 Ke6 47. Ra4
Kd5 48. Ra5+ Kd6 49. Rg5 Ne6 50. Rxg4 Kc5 51. Rg8 Nc7 52. Rg6 Kb5 53. a7 Kc5
54. Bf5 Rh8 55. Bg4 Nb5 56. Ne3 Nxa7 57. Rf6 Rb8 58. Nd1 Nb5 59. Bxf3 Bxf3 60.
Rxf3 Nd4 61. Rf7 Re8+ 62. Ne3 Kb4 63. Rb7+ Kc5 64. Rc7+ Kb5 65. Kf1 Nf3 66.
Nxc4 1-0

[Event "53o Festival Citta' di Torino - Open A"]
[Site "Torino ITA"]
[Date "2024.01.04"]
[Round "4.16"]
[White "PACINI, Ermanno"]
[Black "NARDELLI, Marco"]
[Result "1-0"]
[WhiteElo "2122"]
[BlackElo "2152"]
[PlyCount "99"]
[EventDate "2024.01.02"]

1. Nf3 Nf6 2. c4 c5 3. g3 g6 4. Bg2 Bg7 5. d4 O-O 6. O-O d6 7. dxc5 dxc5 8. Qa4
Nc6 9. Rd1 Qa5 10. Qxa5 Nxa5 11. Ne5 Be6 12. Nc3 Rad8 13. Bf4 b6 14. Nd5 Nxd5
15. cxd5 Bf5 16. e4 Bc8 17. h4 e6 18. b4 cxb4 19. Rac1 exd5 20. exd5 Rfe8 21.
Nd3 Bg4 22. f3 Bd4+ 23. Kh1 Bf5 24. Nxb4 Bc5 25. Na6 Nb7 26. g4 Bd7 27. Nxc5
Nxc5 28. Bf1 Kg7 29. Kh2 f6 30. Kg3 h6 31. Re1 g5 32. Bd6 Rc8 33. Rxe8 Bxe8 34.
Re1 Bf7 35. Re7 gxh4+ 36. Kxh4 a5 37. Bc7 Kf8 38. d6 Re8 39. Bxb6 Na4 40. Rxe8+
Bxe8 41. Bxa5 Nc5 42. Bd8 Kg7 43. Bc4 Bd7 44. Bd5 f5 45. gxf5 Bxf5 46. Bc6 Ne6
47. Bb6 Nf8 48. a4 Ng6+ 49. Kg3 Ne5 50. Bd4 1-0

[Event "53o Festival Citta' di Torino - Open A"]
[Site "Torino ITA"]
[Date "2024.01.05"]
[Round "5.1"]
[White "BARP, Alberto"]
[Black "FAVALORO, Andrea"]
[Result "1/2-1/2"]
[WhiteElo "2437"]
[BlackElo "2411"]
[PlyCount "43"]
[EventDate "2024.01.02"]

1. d4 d5 2. c4 e6 3. Nf3 Nf6 4. g3 Bb4+ 5. Bd2 Be7 6. Bg2 O-O 7. O-O c6 8. b3
b6 9. Bc3 Bb7 10. Nbd2 Nbd7 11. Qc2 c5 12. dxc5 Bxc5 13. Qb2 Rc8 14. Rfd1 Rc7
15. Ne1 Qa8 16. cxd5 Bxd5 17. Bxd5 Qxd5 18. Nd3 Be7 19. Nc4 Qb7 20. Bb4 Bxb4
21. Nxb4 b5 22. Ne5 1/2-1/2

[Event "53o Festival Citta' di Torino - Open A"]
[Site "Torino ITA"]
[Date "2024.01.05"]
[Round "5.2"]
[White "YAO, Stefano"]
[Black "GENOCCHIO, Daniele"]
[Result "0-1"]
[WhiteElo "2306"]
[BlackElo "2367"]
[PlyCount "84"]
[EventDate "2024.01.02"]

1. d4 e6 2. Nf3 c5 3. c4 cxd4 4. Nxd4 Nf6 5. g3 d5 6. Bg2 e5 7. Nf3 d4 8. O-O
Nc6 9. e3 Be7 10. exd4 exd4 11. Bf4 O-O 12. Ne5 Nxe5 13. Bxe5 Bc5 14. Nd2 Ng4
15. Nf3 d3 16. Qd2 Qb6 17. Rae1 Nxe5 18. Rxe5 Rd8 19. a3 a5 20. Rd5 Be6 21. Ng5
Bxd5 22. Bxd5 h6 23. Ne4 Bf8 24. Qxd3 Qxb2 25. a4 Qe5 26. Rd1 Bb4 27. Qf3 Qe7
28. Rd3 Rd7 29. Re3 Rad8 30. h4 Bc5 31. Re2 Qf8 32. Qf5 Bd4 33. Rd2 Qa3 34. Kg2
Qa1 35. Rd3 Kh8 36. Bxf7 Qb1 37. Rxd4 Rxd4 38. Bd5 Qb6 39. h5 Qc7 40. g4 Qe7
41. Ng3 Qg5 42. Qxg5 hxg5 0-1

[Event "53o Festival Citta' di Torino - Open A"]
[Site "Torino ITA"]
[Date "2024.01.05"]
[Round "5.3"]
[White "PISCOPO, Pierluigi"]
[Black "BETTALLI, Francesco"]
[Result "0-1"]
[WhiteElo "2319"]
[BlackElo "2271"]
[PlyCount "98"]
[EventDate "2024.01.02"]

1. d4 Nf6 2. Nf3 g6 3. g3 Bg7 4. Bg2 d5 5. O-O O-O 6. Nbd2 b6 7. c4 dxc4 8. Ne5
Nd5 9. Ndxc4 Bb7 10. Bf4 Nd7 11. Rc1 Rc8 12. Qd2 Ba8 13. Rfd1 e6 14. Bh6 f6 15.
Bxg7 Kxg7 16. Nd3 g5 17. b4 a6 18. Qb2 Qe8 19. e4 Ne7 20. Ne3 c6 21. Nc4 Qd8
22. Nd6 Rc7 23. Qb3 f5 24. e5 Nd5 25. a4 f4 26. gxf4 gxf4 27. Bxd5 exd5 28. Kh1
Kh8 29. Ne1 c5 30. Qh3 Qe7 31. Nf3 Nxe5 32. dxe5 d4 33. Re1 Rg8 34. Rg1 Qxe5
35. Rxg8+ Kxg8 36. Rg1+ Kf8 37. Qh6+ Rg7 38. Rxg7 Bxf3+ 39. Rg2+ Ke7 40. Qxh7+
Kxd6 41. bxc5+ bxc5 42. h4 Qe4 43. Qh6+ Kd5 44. Qg5+ Kc4 45. h5 d3 46. Kh2 Bxg2
47. h6 d2 48. Qg8+ Qd5 49. h7 d1=Q 0-1

[Event "53o Festival Citta' di Torino - Open A"]
[Site "Torino ITA"]
[Date "2024.01.05"]
[Round "5.4"]
[White "Petritaj, Ferdinando"]
[Black "Defromont, Benjamin"]
[Result "1-0"]
[WhiteElo "2176"]
[BlackElo "2423"]
[PlyCount "67"]
[EventDate "2024.01.02"]

1. d4 Nf6 2. c4 g6 3. Nc3 Bg7 4. e4 d6 5. Be2 O-O 6. Nf3 e5 7. O-O Bg4 8. d5 a5
9. Be3 Na6 10. Nd2 Bd7 11. a3 h5 12. Rb1 Ng4 13. Bxg4 Bxg4 14. f3 Bd7 15. b4
axb4 16. axb4 f5 17. c5 f4 18. Bf2 g5 19. c6 bxc6 20. dxc6 Be6 21. Nd5 g4 22.
b5 Nc5 23. Nc4 Qg5 24. Nxc7 gxf3 25. Qxf3 Bg4 26. Qc3 Ra2 27. Nxd6 Be2 28. Qxc5
f3 29. g3 Qg4 30. Qd5+ Kh7 31. Qe6 Bxf1 32. Qxg4 hxg4 33. Kxf1 Rd8 34. Nce8 1-0

[Event "53o Festival Citta' di Torino - Open A"]
[Site "Torino ITA"]
[Date "2024.01.05"]
[Round "5.5"]
[White "COLLUTIIS, Duilio"]
[Black "MALDONADO GONZALES, Stefano"]
[Result "1-0"]
[WhiteElo "2344"]
[BlackElo "2166"]
[PlyCount "121"]
[EventDate "2024.01.02"]

1. d4 d5 2. c4 c6 3. cxd5 cxd5 4. Nc3 Nf6 5. Nf3 Nc6 6. Bf4 e6 7. e3 Bd6 8.
Bxd6 Qxd6 9. Be2 Bd7 10. O-O O-O 11. Rc1 Rfc8 12. Bd3 a6 13. Qe2 g6 14. Rfd1 b5
15. h3 Ra7 16. Qe1 Rac7 17. Ne2 Qb4 18. Qxb4 Nxb4 19. Rxc7 Rxc7 20. Bb1 Kf8 21.
Ne5 Ke7 22. a3 Nc6 23. Rc1 Rc8 24. Nxc6+ Rxc6 25. Kf1 Kd6 26. Rxc6+ Bxc6 27.
Ke1 Nd7 28. Kd2 Bb7 29. h4 Bc8 30. Bd3 Bb7 31. Kc3 Kc7 32. g4 Nf6 33. f3 h5 34.
g5 Nd7 35. f4 Kd6 36. Ng1 Kc7 37. Nf3 Kb6 38. Nd2 Kc7 39. b3 Bc6 40. Be2 Kb6
41. b4 Bb7 42. Nb3 Kc7 43. Nc5 Nb6 44. Bd3 Nd7 45. a4 bxa4 46. Nxa4 Nb8 47. Nc5
Kb6 48. Nxe6 fxe6 49. Bxg6 Kc7 50. Bxh5 Nd7 51. Be2 Kd6 52. h5 Ke7 53. h6 Kf7
54. Bh5+ Kg8 55. Be8 Bc6 56. g6 Kf8 57. Bf7 Nf6 58. Bxe6 Ne8 59. f5 Bb7 60. g7+
Nxg7 61. h7 1-0

[Event "53o Festival Citta' di Torino - Open A"]
[Site "Torino ITA"]
[Date "2024.01.05"]
[Round "5.6"]
[White "BIFULCO, Michel"]
[Black "Vela Frago, Alberto"]
[Result "1-0"]
[WhiteElo "2251"]
[BlackElo "2310"]
[PlyCount "87"]
[EventDate "2024.01.02"]

1. e4 e5 2. Nf3 Nf6 3. Nc3 Nc6 4. Bb5 Bd6 5. d3 a6 6. Ba4 b5 7. Bb3 Bc5 8. O-O
O-O 9. Nxe5 Nxe5 10. d4 Bxd4 11. Qxd4 d6 12. Qd1 c5 13. Bd5 Nxd5 14. Nxd5 f5
15. f4 Nc6 16. a4 Bb7 17. axb5 axb5 18. Rxa8 Bxa8 19. exf5 Nd4 20. Ne3 Qe7 21.
c3 Nxf5 22. Nxf5 Rxf5 23. Qe1 Be4 24. Rf2 Rf8 25. b4 d5 26. bxc5 Qxc5 27. Be3
Qc4 28. Rb2 h6 29. h3 Kh7 30. Qd2 Ra8 31. Kh2 Ra1 32. Bd4 Qf1 33. Qf2 Qh1+ 34.
Kg3 Rd1 35. Rd2 Rb1 36. Qe2 Qe1+ 37. Qxe1 Rxe1 38. Ra2 g5 39. Ra7+ Kg6 40. Kf2
Rb1 41. g4 Rb2+ 42. Ke1 Rb1+ 43. Ke2 Rb2+ 44. Ke3 1-0

[Event "53o Festival Citta' di Torino - Open A"]
[Site "Torino ITA"]
[Date "2024.01.05"]
[Round "5.7"]
[White "Lauda, Alexandr"]
[Black "Pasini, Nicolo"]
[Result "1/2-1/2"]
[WhiteElo "2182"]
[BlackElo "2193"]
[PlyCount "29"]
[EventDate "2024.01.02"]

1. e4 c5 2. Nf3 Nc6 3. d4 cxd4 4. Nxd4 g6 5. Nc3 Bg7 6. Be3 Nf6 7. Nxc6 bxc6 8.
e5 Ng8 9. Bd4 Qa5 10. Bc4 Bxe5 11. O-O Nh6 12. Re1 Bxd4 13. Qxd4 O-O 14. Rxe7
Qb6 15. Qxb6 1/2-1/2

[Event "53o Festival Citta' di Torino - Open A"]
[Site "Torino ITA"]
[Date "2024.01.05"]
[Round "5.8"]
[White "MADIAI, Federico"]
[Black "VAIRO, Rocco Enrico"]
[Result "1-0"]
[WhiteElo "2172"]
[BlackElo "2060"]
[PlyCount "39"]
[EventDate "2024.01.02"]

1. e4 c5 2. Nf3 Nc6 3. Nc3 g6 4. Bb5 Bg7 5. O-O e5 6. a3 Nge7 7. b4 d6 8. d3
O-O 9. bxc5 dxc5 10. Bc4 h6 11. Rb1 Kh7 12. Nd5 f5 13. Nxe7 Nxe7 14. exf5 gxf5
15. Re1 Ng6 16. Bb2 Qc7 17. h4 Re8 18. Ng5+ Kh8 19. Bf7 Nxh4 20. Bxe8 1-0

[Event "53o Festival Citta' di Torino - Open A"]
[Site "Torino ITA"]
[Date "2024.01.05"]
[Round "5.9"]
[White "TRIPODI, Enzo"]
[Black "GIOSEFFI, Massimiliano"]
[Result "1-0"]
[WhiteElo "2139"]
[BlackElo "2044"]
[PlyCount "73"]
[EventDate "2024.01.02"]

1. e4 c5 2. Nf3 e6 3. d4 cxd4 4. Nxd4 Nc6 5. Nc3 Qc7 6. f4 a6 7. Be2 b5 8. Nxc6
Qxc6 9. Bf3 Bb7 10. Be3 Rc8 11. Qd3 b4 12. e5 Qc7 13. Bxb7 Qxb7 14. Ne4 Nh6 15.
O-O-O Be7 16. h3 Nf5 17. Bf2 Qc6 18. Kb1 O-O 19. g4 d5 20. Nd2 Nh6 21. Rhg1 f6
22. exf6 gxf6 23. Bd4 Kh8 24. Rg2 Nf7 25. g5 e5 26. g6 hxg6 27. Qxg6 Qxc2+ 28.
Qxc2 Rxc2 29. Kxc2 exd4 30. Nb3 Nd6 31. Rxd4 Nf5 32. Rd3 Rd8 33. Nd4 Nd6 34.
Ne6 Rc8+ 35. Kb1 Nc4 36. Rxd5 Ne3 37. Rh5# 1-0

[Event "53o Festival Citta' di Torino - Open A"]
[Site "Torino ITA"]
[Date "2024.01.05"]
[Round "5.10"]
[White "Lacan Rus, David"]
[Black "BERGERO, Simone"]
[Result "1-0"]
[WhiteElo "2121"]
[BlackElo "2008"]
[PlyCount "41"]
[EventDate "2024.01.02"]

1. e4 c5 2. a3 Nc6 3. b4 cxb4 4. axb4 Nxb4 5. c3 Nc6 6. d4 d5 7. exd5 Qxd5 8.
Na3 Bf5 9. Nf3 Nf6 10. Nc4 Qe4+ 11. Ne3 Nd5 12. Qb3 Nxe3 13. Bxe3 Qc2 14. Qxc2
Bxc2 15. d5 Nb8 16. Bb5+ Kd8 17. Ne5 Bg6 18. Bb6+ Kc8 19. Ra4 e6 20. Rc4+ Nc6
21. Rxc6+ 1-0

[Event "53o Festival Citta' di Torino - Open A"]
[Site "Torino ITA"]
[Date "2024.01.05"]
[Round "5.11"]
[White "CAPPELLETTO, Joshuaede"]
[Black "LIZZUL COPPE, Mirko"]
[Result "1/2-1/2"]
[WhiteElo "2320"]
[BlackElo "2050"]
[PlyCount "74"]
[EventDate "2024.01.02"]

1. e4 c5 2. Nf3 d6 3. d4 cxd4 4. Nxd4 Nf6 5. Nc3 a6 6. h4 e5 7. Nb3 Be6 8. f4
exf4 9. Bxf4 Nc6 10. Qd2 Ne5 11. O-O-O Rc8 12. Kb1 b5 13. a3 Be7 14. Nd4 Qb6
15. Nd5 Nxd5 16. exd5 Bd7 17. Qe3 Qc7 18. Bd3 O-O 19. Nf3 Nxd3 20. Qxd3 Qc4 21.
Bg3 Qxd3 22. Rxd3 Rfe8 23. Bf4 Bf5 24. Rd2 Rc4 25. Bg3 Rec8 26. Nd4 Bg6 27. Re1
Bf6 28. Nc6 h5 29. Bxd6 Bxh4 30. g3 Bg5 31. Bf4 Bf6 32. b3 Rc5 33. Bd6 R5xc6
34. dxc6 Bc3 35. Red1 Bxd2 36. Rxd2 Rxc6 37. Bf4 Bf5 1/2-1/2

[Event "53o Festival Citta' di Torino - Open A"]
[Site "Torino ITA"]
[Date "2024.01.05"]
[Round "5.12"]
[White "AGRESTA, Giulio"]
[Black "MONTORSI, Matteo"]
[Result "1-0"]
[WhiteElo "2029"]
[BlackElo "2162"]
[PlyCount "65"]
[EventDate "2024.01.02"]

1. e4 c5 2. Nf3 d6 3. d4 cxd4 4. Nxd4 Nf6 5. Nc3 g6 6. Be3 Bg7 7. f3 O-O 8. Qd2
Nc6 9. O-O-O Nxd4 10. Bxd4 Be6 11. Kb1 Qc7 12. g4 Rfc8 13. h4 h5 14. gxh5 Nxh5
15. Bxg7 Kxg7 16. f4 Bg4 17. Be2 Bxe2 18. Nxe2 Qc5 19. f5 Qe5 20. fxg6 fxg6 21.
Rhg1 Qxe4 22. Ng3 Nxg3 23. Rxg3 Rh8 24. Re3 Qxh4 25. Qc3+ Kg8 26. Qb3+ Kg7 27.
Qc3+ Kg8 28. Rde1 Rh7 29. Re6 Rf8 30. Rxg6+ Kf7 31. Rgg1 Rd8 32. Qf3+ Qf6 33.
Qb3+ 1-0

[Event "53o Festival Citta' di Torino - Open A"]
[Site "Torino ITA"]
[Date "2024.01.05"]
[Round "5.13"]
[White "CENTAMORE, Alberto"]
[Black "GALLO, Ivan"]
[Result "1-0"]
[WhiteElo "2127"]
[BlackElo "2004"]
[PlyCount "83"]
[EventDate "2024.01.02"]

1. d4 Nf6 2. c4 e6 3. Nf3 d5 4. g3 Bb4+ 5. Bd2 Be7 6. Bg2 O-O 7. O-O c6 8. Ne5
Nbd7 9. Nc3 Qb6 10. c5 Qd8 11. Nd3 b6 12. b4 Ba6 13. Bf4 Nh5 14. Bc1 Bf6 15.
Be3 g6 16. f4 Bxd3 17. Qxd3 Ng7 18. Bf2 a5 19. a3 Ra7 20. b5 bxc5 21. bxc6 c4
22. Qc2 Nb6 23. e4 Rc7 24. exd5 exd5 25. Rab1 Rxc6 26. Rb5 Nf5 27. Rd1 Rd6 28.
Rxa5 Re8 29. Qd2 h5 30. Rb5 Qa8 31. Rdb1 Qa7 32. Rc5 Nd7 33. Nb5 Qb8 34. Rxd5
Rxd5 35. Bxd5 Nb6 36. Bf3 Qd8 37. d5 c3 38. Nxc3 Nc4 39. Qd3 Nxa3 40. Rb3 Qa5
41. Ne4 Be7 42. d6 1-0

[Event "53o Festival Citta' di Torino - Open A"]
[Site "Torino ITA"]
[Date "2024.01.05"]
[Round "5.14"]
[White "ROTONDARO, Alberto"]
[Black "PACINI, Ermanno"]
[Result "1-0"]
[WhiteElo "2056"]
[BlackElo "2122"]
[PlyCount "87"]
[EventDate "2024.01.02"]

1. e4 c5 2. Nc3 d6 3. Nge2 Nf6 4. g3 g6 5. Bg2 Bg7 6. O-O Nc6 7. d3 Rb8 8. f4
Bd7 9. a4 Qc8 10. a5 h5 11. a6 Bg4 12. axb7 Rxb7 13. f5 gxf5 14. h3 Bxe2 15.
Qxe2 h4 16. exf5 Nd4 17. Qd1 hxg3 18. Ra2 Rc7 19. Bg5 Nxf5 20. Nb5 Nh4 21. Bxh4
Rxh4 22. Qf3 Rb4 23. Nxc7+ Qxc7 24. Rfa1 d5 25. Rxa7 Qe5 26. Ra8+ Kd7 27. b3
Rf4 28. R8a7+ Ke6 29. Qd1 Qe3+ 30. Kh1 Rf2 31. Qc1 Rd2 32. Qg1 Qxg1+ 33. Rxg1
Nh5 34. c4 dxc4 35. dxc4 Nf4 36. Bd5+ Kf5 37. Rxg3 Bd4 38. Rxe7 Rd1+ 39. Kh2
Nxd5 40. cxd5 Be5 41. Rxf7+ Ke4 42. Re7 Rd2+ 43. Kg1 Kxd5 44. Rg5 1-0

[Event "53o Festival Citta' di Torino - Open A"]
[Site "Torino ITA"]
[Date "2024.01.05"]
[Round "5.15"]
[White "LO GATTO, Riccardo"]
[Black "FAVITTA, Amedeo"]
[Result "0-1"]
[WhiteElo "2028"]
[BlackElo "2075"]
[PlyCount "86"]
[EventDate "2024.01.02"]

1. d4 d5 2. c4 e6 3. Nc3 a6 4. cxd5 exd5 5. Nf3 h6 6. Bf4 Nf6 7. h3 Bd6 8. Bxd6
Qxd6 9. e3 Bf5 10. Qb3 Nbd7 11. Be2 O-O 12. O-O c6 13. Rac1 b5 14. Rfd1 g5 15.
Nd2 h5 16. Nf1 Kg7 17. Ng3 Bg6 18. Bd3 Bxd3 19. Rxd3 Qe6 20. e4 h4 21. exd5
Nxd5 22. Nge4 f6 23. Re3 Qg8 24. Nxd5 Qxd5 25. Qxd5 cxd5 26. Nd6 Kg6 27. Rc7
Nb6 28. Ree7 Rg8 29. Re6 Rgf8 30. b3 Nc8 31. Rc6 Nxd6 32. Rcxd6 Rac8 33. Rxd5
Rc1+ 34. Kh2 Rc2 35. Rxa6 Re8 36. Rxb5 Rxf2 37. d5 Ree2 38. a3 Rxg2+ 39. Kh1
Rgf2 40. Kg1 g4 41. Re6 Rg2+ 42. Kf1 Ref2+ 43. Ke1 g3 0-1

[Event "53o Festival Citta' di Torino - Open A"]
[Site "Torino ITA"]
[Date "2024.01.05"]
[Round "5.16"]
[White "Mallet, Lionel"]
[Black "GOLA, Giorgio"]
[Result "1/2-1/2"]
[WhiteElo "2037"]
[BlackElo "2090"]
[PlyCount "72"]
[EventDate "2024.01.02"]

1. d4 Nf6 2. c4 e6 3. Nc3 Bb4 4. e3 O-O 5. Nge2 Re8 6. a3 Bf8 7. d5 exd5 8.
cxd5 a5 9. Ng3 Na6 10. Be2 Nc5 11. b3 c6 12. O-O b5 13. Bb2 Bb7 14. dxc6 dxc6
15. Qc2 Bc8 16. Bf3 Qb6 17. Nce4 Nfxe4 18. Nxe4 Ne6 19. Rfd1 Bb7 20. Nd6 Bxd6
21. Rxd6 Red8 22. Rad1 Rxd6 23. Rxd6 Rd8 24. Qd1 Qc7 25. Be5 Rxd6 26. Qxd6 Qxd6
27. Bxd6 f6 28. Kf1 Kf7 29. Ke1 Ke8 30. Kd2 Kd7 31. Bg3 g6 32. h4 Nc5 33. Kc3
a4 34. bxa4 Nxa4+ 35. Kb4 f5 36. Bd1 c5+ 1/2-1/2